| 000 | 00506nam a2200217Ia 4500 | ||
|---|---|---|---|
| 005 | 20250425161046.0 | ||
| 008 | 250425s9999 xx 000 0 und d | ||
| 020 | _a0201053063 | ||
| 041 | _aeng | ||
| 082 | _a666 | ||
| 100 | _aNORTON, F H | ||
| 245 | 0 | _aELEMENTS OF CERAMICS | |
| 250 | _a2A ED. | ||
| 260 |
_aEstados Unidos _bADDISON - WESLEY _c1974 |
||
| 260 | _aREADING | ||
| 300 | _a311 | ||
| 650 | _aINDUSTRIA CERAMICA | ||
| 650 | _aMATERIALES CERAMICOS | ||
| 942 | _c01 | ||
| 010 | _a11585 | ||
| 999 |
_c201586 _d201586 |
||